Communication Systems (Record no. 3592)
[ view plain ]
| 000 -LEADER | |
|---|---|
| fixed length control field | 00350nam a2200145Ia 4500 |
| 008 - FIXED-LENGTH DATA ELEMENTS--GENERAL INFORMATION | |
| fixed length control field | 191201s2008 xx 000 0 und d |
| 082 ## - DEWEY DECIMAL CLASSIFICATION NUMBER | |
| Classification number | 621.3811 |
| Item number | HAC |
| 100 ## - MAIN ENTRY--PERSONAL NAME | |
| Personal name | HAYKIN, Simon |
| 245 #0 - TITLE STATEMENT | |
| Title | Communication Systems |
| 250 ## - EDITION STATEMENT | |
| Edition statement | Rep. |
| 260 ## - PUBLICATION, DISTRIBUTION, ETC. (IMPRINT) | |
| Place of publication, distribution, etc | N.Delhi |
| Name of publisher, distributor, etc | Wiley Dreautech India |
| Date of publication, distribution, etc | 2008 |
| 300 ## - PHYSICAL DESCRIPTION | |
| Extent | 816 |
| 650 ## - SUBJECT ADDED ENTRY--TOPICAL TERM | |
| Topical term or geographic name as entry element | B.Tech(ECE) |
| 942 ## - ADDED ENTRY ELEMENTS (KOHA) | |
| Source of classification or shelving scheme | Dewey Decimal Classification |
| Koha item type | Text Books |
| Withdrawn status | Lost status | Source of classification or shelving scheme | Damaged status | Not for loan | Collection code | Home library | Current library | Date acquired | Source of acquisition | Cost, normal purchase price | Bill Number | Total Checkouts | Full call number | Acc. no. / Barcode | Date last seen | Date last borrowed | Bill Date | Koha item type | Public note |
|---|---|---|---|---|---|---|---|---|---|---|---|---|---|---|---|---|---|---|---|
| Dewey Decimal Classification | B.Tech(ECE) | PIET C-LIBRARY | PIET C-LIBRARY | 07/11/2008 | J B C, New Delhi | 449.00 | SI-4101 | 1 | 621.3811 HAC | 10019 | 28/03/2024 | 27/03/2024 | 16/10/2008 | Text Books | |||||
| Dewey Decimal Classification | B.Tech(ECE) | PIET C-LIBRARY | PIET C-LIBRARY | 07/11/2008 | J B C, New Delhi | 449.00 | SI-4101 | 1 | 621.3811 HAC | 10020 | 03/03/2021 | 10/01/2020 | 16/10/2008 | Text Books | |||||
| Dewey Decimal Classification | B.Tech(ECE) | PIET C-LIBRARY | PIET C-LIBRARY | 07/11/2008 | J B C, New Delhi | 449.00 | SI-4101 | 621.3811 HAC | 10021 | 04/12/2019 | 16/10/2008 | Text Books | Damage | ||||||
| Dewey Decimal Classification | B.Tech(ECE) | PIET C-LIBRARY | PIET C-LIBRARY | 07/11/2008 | J B C, New Delhi | 449.00 | SI-4101 | 2 | 621.3811 HAC | 10022 | 02/03/2020 | 25/02/2020 | 16/10/2008 | Text Books | |||||
| Dewey Decimal Classification | B.Tech(ECE) | PIET C-LIBRARY | PIET C-LIBRARY | 08/11/2008 | J B C, New Delhi | 449.00 | SI-4127 | 5 | 621.3811 HAC | 10064 | 25/04/2025 | 10/04/2025 | 18/10/2008 | Text Books | |||||
| Dewey Decimal Classification | B.Tech(ECE) | PIET C-LIBRARY | PIET C-LIBRARY | 08/11/2008 | J B C, New Delhi | 449.00 | SI-4127 | 621.3811 HAC | 10065 | 04/12/2019 | 18/10/2008 | Text Books | |||||||
| Dewey Decimal Classification | B.Tech(ECE) | PIET C-LIBRARY | PIET C-LIBRARY | 08/11/2008 | J B C, New Delhi | 449.00 | SI-4127 | 621.3811 HAC | 10066 | 04/12/2019 | 18/10/2008 | Text Books | |||||||
| Dewey Decimal Classification | B.Tech(ECE) | PIET C-LIBRARY | PIET C-LIBRARY | 08/11/2008 | J B C, New Delhi | 449.00 | SI-4127 | 621.3811 HAC | 10067 | 04/12/2019 | 18/10/2008 | Text Books | |||||||
| Dewey Decimal Classification | B.Tech(ECE) | PIET C-LIBRARY | PIET C-LIBRARY | 08/11/2008 | J B C, New Delhi | 449.00 | SI-4127 | 621.3811 HAC | 10068 | 04/12/2019 | 18/10/2008 | Text Books | |||||||
| Dewey Decimal Classification | B.Tech(ECE) | PIET C-LIBRARY | PIET C-LIBRARY | 08/11/2008 | J B C, New Delhi | 449.00 | SI-4127 | 1 | 621.3811 HAC | 10069 | 12/03/2020 | 24/02/2020 | 18/10/2008 | Text Books |